|
|
|
|
| LEADER |
00000nam a2200000 a 4500 |
| 001 |
vtls010272483 |
| 003 |
SK-MaSNL |
| 005 |
20260331205417.0 |
| 008 |
110419s2011 xo a j f000 0 slo |
| 013 |
|
|
|a 287617
|b SK
|c patent
|d 20110405
|e dátum nadobudnutia účinkov patentu (Vestník ÚPV SR č.: 4/2011)
|d 20110314
|e dátum sprístupnenia patentu
|
| 013 |
|
|
|a 90-2007
|e číslo prihlášky
|d 20070627
|e dátum podania prihlášky
|d 20090406
|e dátum zverejnenia prihlášky (Vestník ÚPV SR č.: 4/2009)
|
| 015 |
|
|
|a SNBN2013
|
| 040 |
|
|
|a SNK
|b slo
|c SNK
|e AACR2
|
| 041 |
0 |
|
|a slo
|
| 044 |
|
|
|a xo
|c SK
|
| 072 |
|
7 |
|a 621.3
|x Elektrotechnika
|2 konspekt
|
| 080 |
|
|
|a 621.396.96
|2 2001
|
| 084 |
|
|
|a G01S 13/06
|2 IPC
|
| 084 |
|
|
|a G01S 13/68
|2 IPC
|
| 084 |
|
|
|a G01S 13/00
|2 IPC
|
| 100 |
1 |
|
|a Lakota, Bohuslav,
|d 1951-
|4 org
|9 204400
|
| 245 |
1 |
0 |
|a Predikčný číslicový snímač polohy
|c Bohuslav Lakota, Zdislav Exnar
|
| 260 |
|
|
|a [Banská Bystrica]
|b Úrad priemyselného vlastníctva SR
|c [2011]
|
| 300 |
|
|
|a 4 s.
|b obr.
|c 30 cm
|
| 650 |
0 |
7 |
|a rádiolokácia
|2 SVKBBPH
|9 69848
|
| 650 |
0 |
7 |
|a radary
|2 SVKBBPH
|9 83877
|
| 655 |
|
7 |
|a patenty
|2 SVKBBPH
|9 177343
|
| 700 |
1 |
|
|a Exnar, Zdislav
|4 org
|9 43624
|
| 710 |
2 |
|
|a Akadémia ozbrojených síl generála Milana Rastislava Štefánika v Liptovskom Mikuláši
|4 pth
|9 89575
|
| 852 |
|
|
|a Štátna vedecká knižnica v Banskej Bystrici
|
| 999 |
|
|
|c 1007170
|d 1009100
|
| 952 |
|
|
|a SNK
|b SNK
|y PREZ
|7 0
|p 17A1057951
|o snkSK 287617
|i snk2012/24861
|8 0
|0 0
|1 0
|4 0
|d 2012-12-03
|l 0
|r 2026-02-24 12:40:01
|w 2026-02-24
|